Sports Quiz

Random Sports or Baseball Quiz

Ballpark Matchup Quiz Stats

 Plays Quiz not verified by Sporcle

Challenge
Share
Tweet
Embed
Score 0/30 Timer 10:00
3 Plays Today
% Correct
Red Sox
99.5%
Angels
98.5%
Dodgers
98.5%
Marlins
98.5%
Nationals
98.5%
Orioles
98.5%
Yankees
98.5%
Rangers
97.9%
Cubs
97.4%
Mets
96.4%
Cardinals
94.9%
Rockies
94.9%
Rays
94.4%
Giants
93.8%
Brewers
93.8%
% Correct
Athletics
93.8%
Braves
93.8%
Royals
93.3%
Blue Jays
93.3%
Mariners
93.3%
Astros
92.8%
Reds
91.8%
White Sox
91.3%
Twins
90.8%
Padres
90.3%
Pirates
90.3%
Phillies
89.7%
Tigers
87.7%
Indians
85.6%
Diamondbacks
81.5%

You're not logged in!

Compare scores with friends on all Sporcle quizzes.
OR
Log In

You Might Also Like...

Show Comments

Extras

Top Quizzes Today


Score Distribution

Your Account Isn't Verified!

In order to create a playlist on Sporcle, you need to verify the email address you used during registration. Go to your Sporcle Settings to finish the process.

Report this User

Report this user for behavior that violates our Community Guidelines.

Details: